Jetstar Pacific hãy tự cứu mình trước khi trời cứu /

Wedi'i Gadw mewn:
Manylion Llyfryddiaeth
Prif Awdur: Quanh Dũng.
Fformat: Erthygl
Iaith:Vietnamese
Pynciau:
Tagiau: Ychwanegu Tag
Dim Tagiau, Byddwch y cyntaf i dagio'r cofnod hwn!
Thư viện lưu trữ: Thư viện Trường Đại học Đà Lạt
LEADER 00775nam a2200277 4500
001 DLU100114251
005 ##20101216
040 # # |a DLU  |b vie 
041 # # |a vie 
044 # # |a vn 
100 # # |a Quanh Dũng. 
245 # # |a Jetstar Pacific hãy tự cứu mình trước khi trời cứu /  |c Quanh Dũng. 
653 # # |a Công ty cổ phần 
653 # # |a Kinh doanh 
653 # # |a Phá sản 
653 # # |a Thua lỗ 
773 # # |t Doanh nhân và pháp luật  |g Số 15(12), 2008, tr. 20-21 
920 # # |a Phòng Tạp chí -- Trung tâm Thông tin - Thư viện Trường Đại học Đà Lạt 
994 # # |a DLU 
900 # # |a True 
911 # # |a Nguyễn Thị Linh Chi 
925 # # |a G 
926 # # |a A 
927 # # |a BB 
980 # # |a Thư viện Trường Đại học Đà Lạt